[Event "FAI-chT3 1415"]
[Site "Faroe Islands"]
[Date "2014.11.08"]
[Round "3.3"]
[White "Thomsen, Torhallur"]
[Black "Henriksson, Jogvan"]
[Result "1-0"]
[WhiteElo "1100"]
[BlackElo "1066"]
[PlyCount "39"]
[EventDate "2014.10.26"]
[EventType "team-tourn"]
[EventRounds "7"]
[EventCountry "FAI"]
[SourceTitle "CBM 163 Extra"]
[Source "ChessBase"]
[SourceDate "2014.12.23"]
[SourceVersion "1"]
[SourceVersionDate "2014.12.23"]
[SourceQuality "1"]
[WhiteTeam "Gota"]
[BlackTeam "Rokur II"]
[WhiteTeamCountry "FAI"]
[BlackTeamCountry "FAI"]

1. e4 e5 2. Nf3 Nc6 3. Bc4 Nf6 4. d3 Bc5 5. Nc3 d6 6. Bg5 Bg4 7. Nd5 h6 8. Bxf6 gxf6 9. h3 Be6 10. Nh4 f5 11. Qh5 Nb4 12. 0-0 Nxd5 13. exd5 Qg5 14. Qxg5 hxg5 15. dxe6 Rxh4 16. exf7+ Ke7 17. Kh2 g4 18. f4 gxh3 19. gxh3 Rxf4 20. Rxf4 1-0